| 000 | 00665nam a2200217 i 4500 | ||
|---|---|---|---|
| 001 | 116436 | ||
| 003 | ES-MaACL | ||
| 005 | 20230906190715.0 | ||
| 007 | t| | ||
| 008 | 061121s1966 sp af |||| | spa d | ||
| 100 | 1 |
_aParramón, José María. _989257 |
|
| 245 | 1 | 0 |
_aAsí se pinta el óleo / _cJosé Mª Parramón. |
| 250 | _a1ª ed. | ||
| 260 |
_aBarcelona : _bInstituto Parramón, _c1966. |
||
| 300 |
_a130 p., [3] p. de lám. : _bil. ; _c27 cm. |
||
| 490 | 1 | _aColección "Aprender haciendo" | |
| 650 | 0 | 4 |
_aPintura al óleo- _xTécnica. _916017 |
| 830 | 0 |
_aColección "Aprender haciendo" _9193459 |
|
| 852 |
_aES-MaACL _jC-32341 |
||
| 999 |
_c116436 _d116436 |
||